Results from Japanese x-ray astronomy satellites (Record no. 16930)
[ view plain ]
| 000 -LEADER | |
|---|---|
| fixed length control field | 00761nam a2200205Ia 4500 |
| 003 - CONTROL NUMBER IDENTIFIER | |
| control field | IN-BaIIA |
| 008 - FIXED-LENGTH DATA ELEMENTS--GENERAL INFORMATION | |
| fixed length control field | 211028s9999 xx 000 0 eng d |
| 040 ## - CATALOGING SOURCE | |
| Transcribing agency | IIA Library |
| 080 ## - UNIVERSAL DECIMAL CLASSIFICATION NUMBER | |
| Universal Decimal Classification number | 52-735(52) |
| Item number | RES |
| 110 ## - MAIN ENTRY--CORPORATE NAME | |
| Corporate name or jurisdiction name as entry element | Publication of the Astronomical Society of Japan |
| 9 (RLIN) | 31658 |
| 245 #0 - TITLE STATEMENT | |
| Title | Results from Japanese x-ray astronomy satellites |
| Remainder of title | special issue for Ginga |
| Statement of responsibility, etc. | Publication of the Astronomical Society of Japan |
| 260 ## - PUBLICATION, DISTRIBUTION, ETC. | |
| Place of publication, distribution, etc. | Tokyo |
| Name of publisher, distributor, etc. | Astronomical Society of Japan |
| Date of publication, distribution, etc. | 1989 |
| 300 ## - PHYSICAL DESCRIPTION | |
| Extent | 345-744p. |
| 490 ## - SERIES STATEMENT | |
| Series statement | Publication of the Astronomical Society Japan; v. 41 |
| 650 ## - SUBJECT ADDED ENTRY--TOPICAL TERM | |
| Topical term or geographic name entry element | Japanese x ray astronomy satellites |
| 9 (RLIN) | 31659 |
| 650 ## - SUBJECT ADDED ENTRY--TOPICAL TERM | |
| Topical term or geographic name entry element | Space astronomy |
| 9 (RLIN) | 3005 |
| 650 ## - SUBJECT ADDED ENTRY--TOPICAL TERM | |
| Topical term or geographic name entry element | X-ray astronomy |
| 9 (RLIN) | 7473 |
| 650 ## - SUBJECT ADDED ENTRY--TOPICAL TERM | |
| Topical term or geographic name entry element | X-ray telescopes |
| 9 (RLIN) | 15254 |
| 942 ## - ADDED ENTRY ELEMENTS (KOHA) | |
| Koha item type | Books |
| Withdrawn status | Lost status | Damaged status | Not for loan | Home library | Current library | Shelving location | Date acquired | Total Checkouts | Full call number | Barcode | Date last seen | Price effective from | Koha item type |
|---|---|---|---|---|---|---|---|---|---|---|---|---|---|
| IIA Library-Bangalore | IIA Library-Bangalore | General Stacks | 27/04/2007 | 52-735(52)/ RES | 17852 | 05/11/2021 | 27/04/2007 | Books |